Silk textiles of Spain (Record no. 6635)

MARC details
000 -CABECERA
campo de control de longitud fija 00809nam a2200241 a 4500
001 - NÚMERO DE CONTROL
campo de control BRCA_6953
005 - FECHA Y HORA DE LA ÚLTIMA TRANSACCIÓN
campo de control 20190320205645.0
008 - DATOS DE LONGITUD FIJA--INFORMACIÓN GENERAL
campo de control de longitud fija 181111s1957----u--a######---#000-0#eng-#
041 ## - CÓDIGO DE LENGUA
Código de lengua del texto/banda sonora o título independiente eng
044 ## - CÓDIGO DEL PAÍS DE LA ENTIDAD EDITORA/PRODUCTORA
Código MARC del país u
050 #4 - SIGNATURA TOPOGRÁFICA DE LA BIBLIOTECA DEL CONGRESO
Número de clasificación NK8862
Número de documento/Ítem .M39 1957
100 1# - ENTRADA PRINCIPAL--NOMBRE DE PERSONA
Nombre de persona May, Florence Lewis
9 (RLIN) 8060
245 10 - MENCIÓN DE TÍTULO
Título Silk textiles of Spain
Resto del título eighth to fifteenth century
Mención de responsabilidad, etc. by Florence Lewis May
260 ## - PUBLICACIÓN, DISTRIBUCIÓN, ETC.
Lugar de publicación, distribución, etc. Nueva York
Nombre del editor, distribuidor, etc. Order of Trustees : Hispanic Society of America
Fecha de publicación, distribución, etc. 1957
300 ## - DESCRIPCIÓN FÍSICA
Extensión ix, 286 p.
Otras características físicas il. (algunas a color)
Dimensiones 26 cm.
440 #0 - MENCIÓN DE SERIE/PUNTO DE ACCESO ADICIONAL--TÍTULO
Título Hispanic notes & monographes; essays, studies, and brief biographies. Peninsular series.
9 (RLIN) 17329
500 ## - NOTA GENERAL
Nota general O187
650 14 - PUNTO DE ACCESO ADICIONAL DE MATERIA--TÉRMINO DE MATERIA
Término de materia o nombre geográfico como elemento de entrada Seda
Subdivisión general Fabricación y comercio
9 (RLIN) 11447
650 14 - PUNTO DE ACCESO ADICIONAL DE MATERIA--TÉRMINO DE MATERIA
Término de materia o nombre geográfico como elemento de entrada Diseño textil
9 (RLIN) 4717
650 14 - PUNTO DE ACCESO ADICIONAL DE MATERIA--TÉRMINO DE MATERIA
Término de materia o nombre geográfico como elemento de entrada Textiles
Subdivisión general España
9 (RLIN) 17330
902 ## - CATALOGADOR
Iniciales GFM
942 ## - ELEMENTOS DE PUNTO DE ACCESO ADICIONAL (KOHA)
Fuente del sistema de clasificación o colocación Library of Congress Classification
Tipo de ítem Koha Libros
Holdings
Estado de retiro Estado de pérdida Estado dañado No para préstamo Localización permanente Ubicación/localización actual Fecha de adquisición Número de inventario Total de préstamos Signatura topográfica completa Código de barras Fecha visto por última vez Precio válido a partir de Tipo de ítem Koha
El ejemplar forma parte de la colección y puede ser consultado según las políticas vigentes.       Biblioteca del Museo Franz Mayer (Rogerio Casas-Alatriste) Biblioteca del Museo Franz Mayer (Rogerio Casas-Alatriste) 18/11/2011 O187   NK8862 .M39 1957 (O187) 7400 22/03/2019 22/03/2019 Libros